The enchantress (Record no. 152788)

MARC details
000 -LEADER
fixed length control field 00639nam a2200253 i 4500
001 - CONTROL NUMBER
control field C2-0168654
003 - CONTROL NUMBER IDENTIFIER
control field PPAK
005 - DATE AND TIME OF LATEST TRANSACTION
control field 20180728091156.0
008 - FIXED-LENGTH DATA ELEMENTS--GENERAL INFORMATION
fixed length control field 980719s1985 nyu |||| ||||| | eng d
020 ## - INTERNATIONAL STANDARD BOOK NUMBER
International Standard Book Number 0553050710
040 ## - CATALOGING SOURCE
Original cataloging agency PPAK
Language of cataloging eng
Transcribing agency PPAK
Description conventions rda
082 04 - DEWEY DECIMAL CLASSIFICATION NUMBER
Classification number 823
Edition number 23
090 00 - LOCALLY ASSIGNED LC-TYPE CALL NUMBER (OCLC); LOCAL CALL NUMBER (RLIN)
Classification number (OCLC) (R) ; Classification number, CALL (RLIN) (NR) 823
Feature heading HAN
Feature heading G
Classification number (OCLC) (R) ; Classification number, CALL (RLIN) (NR) 823
Feature heading HAN
Feature heading R
100 1# - MAIN ENTRY--PERSONAL NAME
Personal name Han, Suyin,
Relator term author
245 14 - TITLE STATEMENT
Title The enchantress
264 #1 - PRODUCTION, PUBLICATION, DISTRIBUTION, MANUFACTURE, AND COPYRIGHT NOTICE
Place of production, publication, distribution, manufacture New York :
Name of producer, publisher, distributor, manufacturer Bantam Books ,
Date of production, publication, distribution, manufacture, or copyright notice 1985
300 ## - PHYSICAL DESCRIPTION
Extent 345 pages ;
Dimensions 23 cm
336 ## - CONTENT TYPE
Source rdacontent
Content type term text
337 ## - MEDIA TYPE
Source rdamedia
Media type term unmediated
338 ## - CARRIER TYPE
Source rdacarrier
Carrier type term volume
650 10 - SUBJECT ADDED ENTRY--TOPICAL TERM
Topical term or geographic name entry element The enchantress
942 ## - ADDED ENTRY ELEMENTS (KOHA)
-- dc
Koha item type Book
Holdings
Withdrawn Not for loan Current library Shelving location Date acquired Full call number Barcode Date last seen Koha item type
  Not For Loan Perpustakaan Alor Setar Rujukan Dewasa 19/07/1998 R 823 HAN A00109894 01/06/2018 Book
  Not For Loan Perpustakaan Jitra Rujukan Dewasa 18/03/2004 R 823 HAN A00846468 01/06/2018 Book
  Not For Loan Perpustakaan Kulim Rujukan Dewasa 30/03/2004 R 823 HAN A00343702 01/06/2018 Book